MARC

LEADER 00000nam0a2200000 4500
001 271720
005 20231101234450.0
035 |a (RuTPU)RU\TPU\book\294922 
035 |a RU\TPU\book\251882 
090 |a 271720 
100 |a 20130126d1986 k y0rusy50 ca 
101 0 |a rus 
102 |a GE 
105 |a a z 001zy 
200 1 |a Теплоэнергетические процессы и установки  |d Thermal power processes and plants  |e научные труды  |f Грузинский государственный политехнический институт им. В. И. Ленина ; гл. ред. М. Е. Кипшидзе 
210 |a Тбилиси  |c Изд-во ГПИ  |d 1986 
215 |a 107 с.  |c ил. 
225 1 |a Труды Грузинского политехнического института  |v № 2 (299) 
300 |a Рез. на рус., англ., грузин. яз. 
320 |a Библиография в конце статей 
510 1 |a Thermal power processes and plants  |z eng 
606 1 |a Теплоэнергетические установки  |2 stltpush  |3 (RuTPU)RU\TPU\subj\59827  |9 77324 
610 1 |a теплоэнергетические процессы 
610 1 |a методы измерения 
610 1 |a методы оптимизации 
610 1 |a надежность 
610 1 |a экономичность 
610 1 |a передача тепла 
610 1 |a нагрев 
610 1 |a сборники 
610 1 |a теплоэнергетика 
610 1 |a теплоэнергетические установки 
610 1 |a нагрев 
610 1 |a АЭС 
610 1 |a ТЭС 
610 1 |a теплообмен 
610 1 |a аварии 
675 |a 621.1.002.5  |v 3 
702 1 |a Кипшидзе  |b М. Е.  |4 651 
712 0 2 |a Грузинский государственный политехнический институт им. В. И. Ленина  |c (Тбилиси)  |c (1959-1990)  |2 stltpush  |3 (RuTPU)RU\TPU\col\13604  |9 25717 
801 1 |a RU  |b 63413507  |c 20111027 
801 2 |a RU  |b 63413507  |c 20161212  |g RCR 
942 |c BK